Průvodce ochranou životního prostředí příručka pro průmyslové podniky, podniky služeb, občanská sdružení, obce a další subjekty
Saved in:
| Main Author: | |
|---|---|
| Format: | Book |
| Language: | Czech |
| Published: |
Praha
ISV nakladatelství
1998
|
| Subjects: | |
| Tags: |
No Tags, Be the first to tag this record!
|
MARC
| LEADER | 00000nam a2200000 4500 | ||
|---|---|---|---|
| 001 | c108164 | ||
| 005 | 20221109094219.5 | ||
| 020 | |a 80-85866-38-2 | ||
| 041 | 0 | |a cze | |
| 044 | |a CZ | ||
| 245 | 1 | 0 | |a Průvodce ochranou životního prostředí |b příručka pro průmyslové podniky, podniky služeb, občanská sdružení, obce a další subjekty |c Přibyslava Tichotová |
| 264 | 1 | |a Praha |b ISV nakladatelství |c 1998 | |
| 300 | |a 121 s. | ||
| 610 | 2 | 0 | |a prostredie životné |
| 610 | 2 | 0 | |a ochrana prostredia životného |
| 610 | 2 | 0 | |a inšpekcia štátna |
| 610 | 2 | 0 | |a správa štátna |
| 610 | 2 | 0 | |a orgány štátne |
| 610 | 2 | 0 | |a vodohospodárstvo |
| 610 | 2 | 0 | |a ochrana lesa |
| 610 | 2 | 0 | |a ochrana pôdy |
| 610 | 2 | 0 | |a ochrana prírody |
| 610 | 2 | 0 | |a ochrana zdravia |
| 610 | 2 | 0 | |a odpadky |
| 610 | 2 | 0 | |a plánovanie územné |
| 610 | 2 | 0 | |a predpisy právne |
| 610 | 2 | 0 | |a legislatíva |
| 610 | 2 | 0 | |a sankcie |
| 610 | 2 | 0 | |a politika environmentálna |
| 610 | 2 | 0 | |a Česko |
| 610 | 2 | 0 | |a Európska únia |
| 100 | 1 | |a Tichotová, Přibyslava | |